| 000 | 00596nam a2200193Ia 4500 | ||
|---|---|---|---|
| 999 |
_c10999 _d10999 |
||
| 003 | OSt | ||
| 005 | 20200113154405.0 | ||
| 008 | 190216s9999||||xx |||||||||||||| ||und|| | ||
| 020 | _a9788177585629 | ||
| 040 | _coclc | ||
| 082 |
_a332.10954 _bPAT/I |
||
| 100 |
_a Pathak, Bharati V _91160 |
||
| 245 | 0 |
_aThe Indian Financial System : _bMarkets Institutions And Services / _cBharati V Pathak |
|
| 250 | _a2nd ed. | ||
| 260 |
_bPearson Education Asia, _aNew Delhi: _c2008. |
||
| 300 | _a735p | ||
| 650 | _aEconomics | ||
| 942 |
_cBK _2ddc _h332.10954 _iPAT/I _k332.10954 _mPAT/I |
||